000 00418nam a22001817a 4500
003 OSt
008 210318b ||||| |||| 00| 0 eng d
020 _a9789350143810
082 _a621.3
_bGUF
100 _aGUPTA,BR
245 _aFundamentals of Electric Drivers and Control
250 _a1st
260 _aNew Delhi
_bKatson
_c2013
300 _a252
650 _aECE
700 _aSINGHAL,V
942 _2ddc
_cBK
999 _c10561
_d10561